| 000 | 02321nkc a22003017a 4500 | ||
|---|---|---|---|
| 001 | 86385 | ||
| 005 | 20260615145631.0 | ||
| 007 | kh bo | ||
| 008 | 260611s1880 sp ||||| |||| |0| i|spa d | ||
| 040 |
_aM-RABA _bspa _cM-RABA |
||
| 100 | 2 |
_aAdelphoi Zangaki (Firm) _9111972 |
|
| 245 | 1 | 1 |
_a[Arte egipcio _b: monumentos, esculturas y momias] _c/ Adelphoi Zangaki (Firm) _h[Material gráfico] |
| 260 |
_aEgipto _b: Adelphoi Zangaki (Firm) _c,[1880] |
||
| 300 |
_a6 fotografías _b: albúmina _c; 28 x 22 cm |
||
| 500 | 0 | 0 | _aConjunto de diferentes fotografías de estatuas y monumentos egipcios. |
| 500 | 0 | 0 | _aInscripciones impresas a pie de foto: "Nº 968 Louxor Statue de Ramses II" [Templo de Luxor. Estatua de Ramses III] (Fot-1999) -- "Nº 970 Louxor. Colonnade du petit temple" [Columnata del pequeño templo] (Fot-2000) -- "Nº 973 Colonade du grand temple de Louxor" [Columnata del gran templo] (Fot-2001) -- "Nº986 Karnak. Salle hypostyle [ilegible]" [Karnak. Sala Hipóstila] (Fot-2002) -- "[ilegible]" [Templo funenario de Ramsés III ] (Fot-2003) --"Nº 409 [ilegible]" [Momia] (Fot-2004) |
| 500 | 0 | 0 | _aFecha tomada del auge de la técnica. |
| 651 | 0 |
_aEgipto.- _xArqueología _9106826 |
|
| 655 | 0 |
_aFotografías de monumentos _9111580 |
|
| 852 | _jFot-1999; Fot-2000; Fot-2001; Fot-2002; Fot-2003; Fot-2004 | ||
| 856 |
_uhttps://archivoybiblioteca.realacademiabellasartessanfernando.com/cgi-bin/koha/opac-retrieve-file.pl?id=9fafb1c5f985f329b986802fc78d60d5 _yFot-1999 |
||
| 856 |
_uhttps://archivoybiblioteca.realacademiabellasartessanfernando.com/cgi-bin/koha/opac-retrieve-file.pl?id=6690d58ed2bff8cf09e0d0be838f3081 _yFot-2000 |
||
| 856 |
_uhttps://archivoybiblioteca.realacademiabellasartessanfernando.com/cgi-bin/koha/opac-retrieve-file.pl?id=2f9906eacf1c4b04b1d20d41b335aa03 _yFot-2001 |
||
| 856 |
_uhttps://archivoybiblioteca.realacademiabellasartessanfernando.com/cgi-bin/koha/opac-retrieve-file.pl?id=97cda15843b98aece3f9ae8242fddbd0 _yFot-2002 |
||
| 856 |
_uhttps://archivoybiblioteca.realacademiabellasartessanfernando.com/cgi-bin/koha/opac-retrieve-file.pl?id=024e4e72b393159281e3e003d1960a66 _yFot-2003 |
||
| 856 |
_uhttps://archivoybiblioteca.realacademiabellasartessanfernando.com/cgi-bin/koha/opac-retrieve-file.pl?id=98f3e8ed41daba0720406b6a8f696b63 _yFot-2004 |
||
| 942 |
_cFOTOGRAFÍA _n0 |
||
| 999 |
_c86385 _d86385 |
||